00899 a2200193 45000010006000000050017000060080041000230030015000640400040000790800051001192450081001700200022002512500012002732640028002853000024003135050195003371000025005328560148005571465320260407155448.0260407a2010 arg spa dAR-UNSa-BCEJYS aAR-UNSa-BCEJYSbspacAR-UNSa-BCEJYS a336.7xMoneda. Sistema monetario. Banca. Bolsa10aThe economics of money, banking & financial marketspbusiness school edition a978-0-321-59988-9 a2a. ed. 1aBoston :bPearsonc2010 axli, 662 p.c26 cm. a1. Introduction - 2. Financial markets - 3. Financial institutions - 4. Central banking and the conduct of monetary policy - 5. International finance and monetary policy - 6. Monetary theory1 aMishkin, Frederic S.41uhttps://biblioeco.unsa.edu.ar/pmb/images/libros/The economics of money, banking & financial markets-l118958.jpgyImagen de portadaqimage/jpeg